Normal view
MARC view
- Mahajan,Gautam
Entry Personal Name
001 - CONTROL NUMBER
- control field: 2311
003 - CONTROL NUMBER IDENTIFIER
- control field: NUST
005 - DATE AND TIME OF LATEST TRANSACTION
- control field: 20170608125107.0
008 - FIXED-LENGTH DATA ELEMENTS
- fixed length control field: 170608|| aca||aabn | a|a d
040 ## - CATALOGING SOURCE
- Original cataloging agency: NUST
- Transcribing agency: NUST
100 ## - HEADING--PERSONAL NAME
- Personal name: Mahajan,Gautam
670 ## - SOURCE DATA FOUND
- Source citation: Work cat.: (NUST): Mahajan,Gautam, Evaluation and Development of Ground Water, 2011.
